| 000 | 00627cam a22002293a 4500 | ||
|---|---|---|---|
| 001 | 34851 | ||
| 003 | PGUSA | ||
| 005 | 20140828083742.0 | ||
| 008 | 110105s2011||||xxu|||||s|||||000 | eng d | ||
| 040 |
_aPGUSA _beng |
||
| 042 | _adc | ||
| 100 | 1 |
_aTheocritus, _d-300--260 |
|
| 245 | 1 | 0 |
_aΕιδύλλια _h[electronic resource] / _cTheocritus |
| 260 |
_bProject Gutenberg, _c2011 |
||
| 506 | _aPublic domain in the USA. | ||
| 516 | _aElectronic text | ||
| 700 | 1 |
_aPolemes, Ioannes, _d1862-1924 |
|
| 740 | 0 | _aIdylls | |
| 830 | 0 |
_aProject Gutenberg _v34851 |
|
| 856 | 4 | 0 | _uhttp://www.gutenberg.org/ebooks/34851 |
| 942 | _cEB | ||
| 999 |
_c264106 _d264106 |
||